| 000 | 01534nam a2200361 c 4500 | ||
|---|---|---|---|
| 003 | BLK | ||
| 005 | 20180422115422.0 | ||
| 008 | 180411b bul|||||r ||||||| ||bul|| | ||
| 010 | _aKNG00194528000 | ||
| 040 | _aBLK | ||
| 041 |
_aBUL _cBUL |
||
| 080 |
_aВоенна история - Военни походи, битки, героични подвизи. Вж и 93/99 _b355.48 _x(47+57)(093) _z355.48(47+57)(093) |
||
| 100 | 1 |
_aЖуков, Георгий К. _eпърви автор _9343840 |
|
| 700 | 1 |
_aДжамджиев, Страшимир _eпрев. от рус. _9368533 |
|
| 139 |
_aЖуков, Георгий К. _bЖ 81 |
||
| 245 | 1 | 0 |
_aСпомени и размисли [за Отечествената война 1941 - 1945 г.] _cГеоргий К. Жуков; прев. от рус. Страшимир Джамджиев. |
| 250 | _a3. изд. | ||
| 257 | _aRUS | ||
| 260 |
_аСофия _bВоен. изд. _c1983 |
||
| 300 |
_a212 с. _c23 см |
||
| 380 | _a9 | ||
| 500 | _aОриг. загл. Воспоминания и размышления / Г. К. Жуков. - 1. изд. 1969. - 21 200 тир. | ||
| 650 | 4 |
_aВелика отечествена война - СССР - спомени _9277456 |
|
| 651 | 4 |
_aСССР _9179592 |
|
| 653 | _aВелика отечествена война | ||
| 653 | _aСССР | ||
| 653 | _aспомени | ||
| 852 | _aЦб 121925 | ||
| 856 | 4 |
_qpdf _u |
|
| 856 | 4 |
_qpdf _u |
|
| 942 |
_cKNG _n0 |
||
| 944 |
_aCR _c26.10.2016 _kВаля_Йорданова |
||
| 944 |
_aED _c26.10.2016 _kВаля_Йорданова |
||
| 999 |
_c185534 _d185534 |
||